The usage of mobile applications in the Hungarian insurance market

Bibliográfiai részletek
Szerző: Drahos Éva
További közreműködők: Papp Judit
Dokumentumtípus: Diplomadolgozat
Kulcsszavak:Insurance industry
value creation
mobile application
STEEP
SWOT
Online Access:http://dolgozattar.uni-bge.hu/6273

MARC

LEADER 00000nta a2200000 i 4500
001 dolg6273
005 20160913132720.0
008 160513suuuu hu om 000 eng d
040 |a BGE Dolgozattár Repozitórium  |b hun 
041 |a en 
100 1 |a Drahos Éva 
245 1 4 |a The usage of mobile applications in the Hungarian insurance market  |c Drahos Éva  |h [elektronikus dokumentum] 
246 1 1 |a Mobilalkalmazások használata a magyar biztosítási piacon 
246 1 1 |a The usage of mobile applications in the Hungarian insurance market 
695 |a Insurance industry 
695 |a value creation 
695 |a mobile application 
695 |a STEEP 
695 |a SWOT 
700 1 |a Papp Judit  |e ths 
856 4 0 |u http://dolgozattar.uni-bge.hu/6273/1/EvaDrahosDissertation.pdf  |z Dokumentum-elérés